Language Quiz

Random Language or Letter Quiz

20 'OU' Things Quiz Stats

 Plays Quiz Updated Oct 29, 2015

Challenge
Share
Tweet
Score 0/20 Timer 03:00
2 Plays Today
% Correct
House
99.6%
Cloud
99.3%
Mouth
98.9%
Mouse
96.9%
Fountain
96.8%
Four
96%
Boy Scouts
94.1%
Carousel
93%
Bloodhounds
92.5%
Bouquet
92.1%
% Correct
Flour
91.2%
Jousting
90.6%
Hourglass
88.5%
Dough
86.5%
Boulder
81.4%
Camouflage
79.8%
Sprout
75.1%
Caribou
65.4%
Soufflé
65%
Poutine
43.5%

You're not logged in!

Compare scores with friends on all Sporcle quizzes.
OR
Log In

You Might Also Like...

Show Comments

Extras

Top Quizzes Today


Score Distribution

Your Account Isn't Verified!

In order to create a playlist on Sporcle, you need to verify the email address you used during registration. Go to your Sporcle Settings to finish the process.

Report this User

Report this user for behavior that violates our Community Guidelines.

Details: